Biblioteka Instytutu Północnego w Olsztynie

Sympozjum popularnonaukowe pn. Dorobek prof. Emila von Behringa wielkiego noblisty z Małych Ławic w 100. rocznicę śmierci, Ławice, 30 marca 2017 r. (Rekord nr 27293)

Szczegóły MARC
000 -Nagłówek
fixed length control field 01925nam a2200517 i 4500
001 - Nr kontrolny bibl., która utworzyła rek.
control field xx005915506
003 - Siglum bibl., której nr kontr. jest w 001
control field NUKAT
005 - Data i czas ostatniej operacji
control field 20260327112444.0
008 - Elementy pola stałej długości
fixed length control field 260327s2017 pl a |100 0dpol c
035 ## - Systemowy numer kontrolny
systemowy numer kontrolny (NUKAT)xx005915506
040 ## - Instytucja sporządzająca opis
Instytucja, która sporządziła opis OLSZT 008/bak
język katalgowania-trzyzn. kod pol
zasady opisu rda
Instytucja, która sporządziła rekord OLSZT 008/bak
045 2# - Okres czasu dla zawartości
czas między r. 9999 pne a nasz. czas. d1854
-- d1965
046 ## - Kod rodz. daty, data1, data2 (daty pne)
Begin/single date 2017
245 00 - Tytuł właściwy i oznaczenie odpow.
tytuł Sympozjum popularnonaukowe pn. Dorobek prof. Emila von Behringa wielkiego noblisty z Małych Ławic w 100. rocznicę śmierci, Ławice, 30 marca 2017 r.
246 30 - Inne formy tytułu, wariant tytułu
tytuł Dorobek prof. Emila von Behringa wielkiego noblisty z Małych Ławic w 100. rocznicę śmierci
260 ## - Adres wydawniczy
miejsce wydania, dystrybucji itp. Ławice :
nazwa wydawcy, dystrybutora itp. [wydawca nieznany],
data wydania, dystrybucji itp. 2017.
300 ## - Opis fizyczny
objętość i/lub forma materiału 18 stron :
inne szczegóły opisu fizycznego ilustracje ;
format 30 cm.
336 ## - Content Type
Term Tekst
Code txt
Source rdacontent
337 ## - Media Type
Term Bez urządzenia pośredniczącego
Code n
Source rdamedia
338 ## - Carrier Type
Term Wolumin
Code nc
Source rdacarrier
380 ## - Form of work
Form of work Książki
380 ## - Form of work
Form of work Publikacje popularnonaukowe
388 1# - TIME PERIOD OF CREATION
Time period of creation term 2001-
500 ## - Uwaga ogólna
uwaga ogólna Organizatorzy: Fundacja im. Emila von Behringa, Wójt Gminy Iława.
504 ## - Uwaga o bibliografii
uwaga o bibliografii Bibliografia na stronie 12.
600 17 - Hasło przedmiotowe-nazwa osobowa
nazwa osobowa Behring, Emil von
daty biograficzne (1854-1917)
źródło hasła DBN
9 (RLIN) 39039
648 #7 - SUBJECT ADDED ENTRY--CHRONOLOGICAL TERM
Chronological term 1801-1900
Source of heading or term DBN
9 (RLIN) 36037
648 #7 - SUBJECT ADDED ENTRY--CHRONOLOGICAL TERM
Chronological term 1901-2000
Source of heading or term DBN
9 (RLIN) 34996
648 #7 - SUBJECT ADDED ENTRY--CHRONOLOGICAL TERM
Chronological term 1901-1914
Source of heading or term DBN
9 (RLIN) 36038
648 #7 - SUBJECT ADDED ENTRY--CHRONOLOGICAL TERM
Chronological term 1914-1918
Source of heading or term DBN
9 (RLIN) 36040
648 #7 - SUBJECT ADDED ENTRY--CHRONOLOGICAL TERM
Chronological term 1918-1939
Source of heading or term DBN
9 (RLIN) 36041
648 #7 - SUBJECT ADDED ENTRY--CHRONOLOGICAL TERM
Chronological term 1939-1945
Source of heading or term DBN
9 (RLIN) 36042
648 #7 - SUBJECT ADDED ENTRY--CHRONOLOGICAL TERM
Chronological term 1945-1989
Source of heading or term DBN
9 (RLIN) 36043
650 #7 - Hasło przedmiotowe-nazwa pospolita
nazwa pospolita lub geogr. Laureaci
źródło hasła DBN
9 (RLIN) 39040
650 #7 - Hasło przedmiotowe-nazwa pospolita
nazwa pospolita lub geogr. Nagroda Nobla
źródło hasła DBN
9 (RLIN) 39041
650 #7 - Hasło przedmiotowe-nazwa pospolita
nazwa pospolita lub geogr. Nagroda Nobla w dziedzinie fizjologii lub medycyny
źródło hasła DBN
9 (RLIN) 39042
650 #7 - Hasło przedmiotowe-nazwa pospolita
nazwa pospolita lub geogr. Protestanci
źródło hasła DBN
9 (RLIN) 38932
651 #7 - Hasło przedmiotowe-nazwa geogr.
nazwa geograficzna Prusy Wschodnie
źródło hasła DBN
9 (RLIN) 35154
651 #7 - Hasło przedmiotowe-nazwa geogr.
nazwa geograficzna Iława (woj. warmińsko-mazurskie ; okolice)
źródło hasła DBN
9 (RLIN) 39043
655 #7 - Termin określający rodzaj/formę
rodzaj/forma Materiały konferencyjne
źródło terminu DBN
9 (RLIN) 36310
655 #7 - Termin określający rodzaj/formę
rodzaj/forma Praca zbiorowa
źródło terminu DBN
9 (RLIN) 35107
658 ## - Nazwa określająca cel programu nauczania
główny cel programu nauczania Historia
658 ## - Nazwa określająca cel programu nauczania
główny cel programu nauczania Medycyna i zdrowie
658 ## - Nazwa określająca cel programu nauczania
główny cel programu nauczania Religia i duchowość
942 ## - ADDED ENTRY ELEMENTS (KOHA)
Source of classification or shelving scheme Dewey Decimal Classification
Koha item type pozycje dostępne na miejscu
Egzemplarze
Status wycofania Status zagubienia Klasyfikacja Status uszkodzenia Blokada wypożyczeń Kolekcja Lokalizacja macierzysta Lokalizacja bieżąca Data nabycia Numer akcesji Źródło akcesji Cena Nr inwentarzowy il. wypożyczeń Sygnatura Kod kreskowy Date last seen Price effective from Typ egz.
    Dewey Decimal Classification nieuszkodzona   książka w magazynie Biblioteka Instytutu Północnego w Olsztynie Biblioteka Instytutu Północnego w Olsztynie 26/04/2019 D-25/2019 dar 7.00 59785   59785 IPWK21481 27/03/2026 27/03/2026 pozycje dostępne na miejscu
Biblioteka Instytutu Północnego, ul. Partyzantów 87, 10-402 Olsztyn, email: biblioteka(at)ip.olsztyn.pl